| 000 | 00655nam a22002177a 4500 | ||
|---|---|---|---|
| 005 | 20220728113205.0 | ||
| 008 | 220728b ||||| |||| 00| 0 eng d | ||
| 040 | _cAL | ||
| 041 | _aEngliah | ||
| 082 |
_223 _a303.62 _bMETH |
||
| 100 |
_aChimanbhai Metha _953766 |
||
| 245 | _aHow to Combat Corruption: Criminalisation Communalism Casteism | ||
| 260 |
_aNew Delhi _bNational Campaign Against Corruption _c1995 |
||
| 300 |
_a92 p. _bPB _c21x13.5 cm. |
||
| 365 |
_a₹50.00 _b₹ _c₹50.00 |
||
| 650 |
_acommunalism _953767 |
||
| 650 |
_aCasteism _953768 |
||
| 650 |
_aCriminalisation _953769 |
||
| 700 |
_aMETHA (Chimanbhai) _953770 |
||
| 942 |
_2ddc _cGF |
||
| 999 |
_c224256 _d224256 |
||